000 00633nam a2200229 i 4500
001 5412
003 ES-MaACL
005 20250821085459.0
007 t|
008 880613s1982 uy f |||| | spa d
080 _a616.89-008.441.44
080 _a179.7
100 1 _aJonghe, Raymonde de.
_966882
245 1 4 _aLos suicidios /
_cRaymonde de Jonghe.
260 _aMontevideo :
_bServicio Científico Roche,
_c[1982]
300 _a235 p., 6 h. de lám. ;
_c24 cm.
504 _aBibliografía.
650 1 7 _aSuicidio
_2embne
_917259
710 2 _aProductos Roche.
_96261
852 _aES-MaACL
_jL-12110
999 _c5412
_d5412